[Event "Wch U10"]
[Site "Belfort"]
[Date "2005.07.22"]
[Round "3"]
[White "Bajarani, Ulvi"]
[Black "Rakotoniaina Balseiro, Erwin"]
[Result "1-0"]
[WhiteElo "1599"]
[BlackElo "1599"]
[PlyCount "104"]
[EventDate "2005.07.19"]
[EventType "swiss"]
[EventRounds "11"]
[EventCountry "FRA"]
[SourceTitle "CBM 107 Extra"]
[Source "ChessBase"]
[SourceDate "2005.09.01"]
[SourceVersion "1"]
[SourceVersionDate "2005.09.01"]
[SourceQuality "1"]

1. e4 c5 2. d4 cxd4 3. c3 d3 4. Bxd3 d6 5. h3 g6 6. Nf3 Bg7 7. 0-0 Nf6 8. Re1 Nc6 9. Nbd2 0-0 10. Nf1 a6 11. Ne3 b5 12. Nd5 e6 13. Nxf6+ Bxf6 14. a3 Bb7 15. Bf4 e5 16. Be3 Rc8 17. Qe2 Na5 18. Rad1 Nc4 19. Bc1 Qe7 20. a4 Rfd8 21. axb5 axb5 22. Nd2 Nxd2 23. Rxd2 Bc6 24. Bxb5 Bxb5 25. Qxb5 Rb8 26. Qe2 Bg5 27. Rc2 Bxc1 28. Rcxc1 Rd7 29. Rcd1 Kg7 30. Rd2 Rdb7 31. Red1 Qc7 32. Rc2 Rb6 33. b4 Qc6 34. Qd3 Rb5 35. f3 f6 36. Qxd6 Qxd6 37. Rxd6 Rc8 38. Rdd2 Kf8 39. Kf2 Ke7 40. Ke1 h5 41. Kd1 h4 42. Kc1 Ke6 43. Kb2 Rb6 44. Rd5 f5 45. b5 g5 46. c4 Rf8 47. Re2 fxe4 48. Rxe4 Rf7 49. Kb3 Rd7 50. Rxd7 Kxd7 51. Kb4 Kc8 52. Kc5 Kc7 1-0